000
00532nam a2200181Ia 4500
008
090123s9999 xx 000 0 und d
082
_b
2401
100
_a
पायगांवकर सुमती
245
_a
फेनाली
250
_a
1
260
_b
केसरी मुद्रणालय
300
_a
82
600
_a
पायगांवकर सुमती
630
_a
फेनाली
700
_a
पायगांवकर सुमती
730
_a
फेनाली
942
_c
BOOK
999
_c
40485
_d
40485